Statistics for Name the NASA Space Shuttles

Click here to take the quiz!

General Stats

  • This quiz has been taken 11,183 times
  • The average score is 4 of 6

Answer Stats

First flightSpace Shuttle% Correct
1983Challenger
90%
1981Columbia
74%
1984Discovery
70%
1992Endeavour
69%
1985Atlantis
58%
1977Enterprise
58%

Score Distribution

Percentile by Number Answered

Percent of People with Each Score

Your Score History

You have not taken this quiz